000 00688nam a2200193 a 4500
005 20210223121100.0
008 991125s1972 mx 000 0 spa u
035 _aUPN01000011891
049 _aCG
050 4 _aHX39.51
_bC6.78
100 1 _aEngels, Friedrich,
_d1820-1895
245 1 0 _aCorrespondencia /
_cCarlos Marx, Federico Engels ; selec., coment. y anotada por El Instituto Marx-Engels-Lenin.
260 _aMéxico :
_bCultura Popular,
_c1972.
300 _a692 p.
440 0 _aBiblioteca marxista ;
_v8
600 1 4 _aENGELS, FRIEDRICH,
_d1820-1895 -
_vSELECCIONES, EXTRACTOS, ETC.
_921205
600 1 4 _aMARX, KARL,
_d1818-1883 -
_vCORRESPONDENCIA, MEMORIAS, ETC.
905 _aLibro
999 _c11891
_d11891